Statistics for Football (soccer) players by country

Click here to take the quiz!

General Stats

  • This quiz has been taken 54 times
  • The average score is 21 of 51

Answer Stats

PlayersNational Team% Correct
Romelu Lukaku, Kevin De Bruyne, Thibaut CourtoisBelgium
100%
Leonardo Bonucci, Antonio Candreva, Lorenzo InsigneItaly
87%
Grzegorz Krychowiak, Arkadiusz Milik, Wojciech SzczęsnyPoland
80%
Alan Dzagoev, Fyodor Smolov, Roman ShishkinRussia
80%
Adam Lallana, Eric Dier, Joe HartEngland
78%
Isco, Álvaro Morata, Jordi AlbaSpain
78%
William Carvalho, Pepe, Bernardo SilvaPortugal
76%
Jan Oblak, Valter Birsa, Andraž StrunaSlovenia
71%
Mehmet Topal, Cenk Tosun, Hakan ÇalhanoğluTurkey
67%
Sami Khedira, Lukas Podolski, Kevin VollandGermany
64%
Aleksandar Kolarov, Nemanja Matić, Nikola StojiljkovićSerbia
64%
Blaise Matuidi, Dimitri Payet, Laurent KoscielnyFrance
62%
Steven Naismith, Ikechi Anya, Craig GordonScotland
62%
Shane Long, Robbie Brady, Séamus ColemanIreland
58%
Nicolai Jørgensen, Lasse Schöne, Riza DurmisiDenmark
53%
Haris Seferović, Gélson Fernandes, Fabian SchärSwitzerland
51%
Teemu Pukki, Kari Arkivuo, Kasper HämäläinenFinland
49%
Nikola Vukčević, Fatos Bećiraj, Stefan SavićMontenegro
47%
Joshua King, Markus Henriksen, Even HovlandNorway
47%
Bogdan Stancu, Mihai Pintilii, Cristian SăpunaruRomania
44%
Sam Vokes, Aaron Ramsey, Wayne HennesseyWales
44%
Edgar Çani, Taulant Xhaka, Mërgim MavrajAlbania
42%
Jón Daði Böðvarsson, Rúrik Gíslason, Ragnar SigurðssonIceland
42%
Henrik Ojamaa, Konstantin Vassiljev, Ragnar KlavanEstonia
40%
Kyle Lafferty, Oliver Norwood, Jonny EvansNorthern Ireland
40%
Albin Ekdal, Ola Toivonen, Mikael LustigSweden
40%
Ladislav Krejčí, Pavel Kadeřábek, Tomáš NecidCzech Republic
38%
Edin Višća, Vedad Ibišević, Asmir BegovićBosnia and Herzegovina
36%
Tamás Priskin, Zoltán Gera, Tamás KádárHungary
36%
Eran Zahavi, Nir Bitton, Rami GershonIsrael
33%
Marc Janko, Zlatko Junuzović, Sebastian PrödlAustria
31%
Petar Zanev, Ivelin Popov, Aleksandar TonevBulgaria
31%
Valeri Kazaishvili, Levan Mchedlidze, Guram KashiaGeorgia
31%
Andy Selva, Marco Domeniconi, Alessandro Della ValleSan Marino
27%
Michal Ďuriš, Róbert Mak, Peter PekaríkSlovakia
27%
Edgar Manucharyan, Marcos Pizzelli, Hrayr MkoyanArmenia
24%
Nestoras Mitidis, Constantinos Laifis, Efstathios AloneftisCyprus
24%
Ludovic Clemente, Marc Pujol, Ildefons LimaAndorra
22%
Jóan Símun Edmundsson, Hallur Hansson, Gunnar NielsenFaroe Islands
22%
Fiodor Černych, Vytautas Lukša, Tadas KijanskasLithuania
22%
Yevhen Seleznyov, Taras Stepanenko, Roman BezusUkraine
22%
Rahid Amirguliyev, Dimitrij Nazarov, Rauf AliyevAzerbaijan
18%
Daniel da Mota, Laurent Jans, Mario MutschLuxembourg
16%
Alexandru Gațcan, Igor Bugaiov, Alexandru EpureanuMoldova
16%
Renan Bressan, Vitali Rodionov, Sergey KrivetsBelarus
13%
Ģirts Karlsons, Oļegs Laizāns, Vladislavs GabovsLatvia
13%
Franz Burgmeier, Martin Büchel, Peter JehleLiechtenstein
13%
Michael Mifsud, Ryan Fenech, Zach MuscatMalta
13%
Tanat Nusserbayev, Bauyrzhan Islamkhan, Dmitri ShomkoKazakhstan
11%
Bernard Berisha, Samir Ujkani, Albert BunjakuKosovo
11%
Aleksandar Trajkovski, Ivan Trichkovski, Vanche ShikovMacedonia
7%

Score Distribution

Percentile by Number Answered

Percent of People with Each Score

Your Score History

You have not taken this quiz